| 000 | 00519nam a22001697a 4500 | ||
|---|---|---|---|
| 005 | 20251108164147.0 | ||
| 008 | 250721s1990 xx 000 0 ara d | ||
| 082 | 1 | 4 | _a041/يوس |
| 100 | 1 | _aبوران، يوسف | |
| 245 | 1 | 0 | _aخواطر سابقة لهموم لاحقه / |
| 264 | 1 |
_aعمان : _bالرأي - المؤسسة الصحفية الأردنية، _c1990. |
|
| 300 | _a302ص | ||
| 490 | 0 | _aمكتبة الرأي ؛ 2 | |
| 650 | 1 | 7 | _aالمقالات العربية |
| 942 |
_2ddc _cBK |
||
| 999 |
_c5159 _d5159 |
||